<?xml version="1.0" encoding="UTF-8"?>
<record
    xmlns:xsi="http://www.w3.org/2001/XMLSchema-instance"
    xsi:schemaLocation="http://www.loc.gov/MARC21/slim http://www.loc.gov/standards/marcxml/schema/MARC21slim.xsd"
    xmlns="http://www.loc.gov/MARC21/slim">

  <leader>01339nam a2200181 a 4500</leader>
  <controlfield tag="001">000045442</controlfield>
  <controlfield tag="005">20201002052243.0</controlfield>
  <controlfield tag="008">150325s1994    dr            000 0 spa d</controlfield>
  <datafield tag="040" ind1=" " ind2=" ">
    <subfield code="a">DO-SdBNP</subfield>
    <subfield code="b">spa</subfield>
    <subfield code="c">BNPHU</subfield>
  </datafield>
  <datafield tag="082" ind1=" " ind2=" ">
    <subfield code="a">xxxx</subfield>
    <subfield code="b">xxxx</subfield>
  </datafield>
  <datafield tag="111" ind1="1" ind2=" ">
    <subfield code="a">Seminario Internacional Violencia Dom&#xE9;stica, Salud y Legislacion</subfield>
    <subfield code="d">(1993 : 18 de nov.</subfield>
    <subfield code="c">Santo Domingo)</subfield>
    <subfield code="9">73494</subfield>
  </datafield>
  <datafield tag="245" ind1="1" ind2="0">
    <subfield code="a">Violencia contra la mujer a trav&#xE9;s de m&#xFA;ltiples miradas /</subfield>
    <subfield code="c">compilaci&#xF3;n Gisela Quiterio Ben&#xED;tez.</subfield>
  </datafield>
  <datafield tag="260" ind1=" " ind2=" ">
    <subfield code="a">Santo Domingo :</subfield>
    <subfield code="b">Centro de Apoyo Aquelarre,</subfield>
    <subfield code="c">1994.</subfield>
  </datafield>
  <datafield tag="300" ind1=" " ind2=" ">
    <subfield code="a">64 p. ;</subfield>
    <subfield code="c">21 cm.</subfield>
  </datafield>
  <datafield tag="500" ind1=" " ind2=" ">
    <subfield code="a">Incluye referencias bibliogr&#xE1;ficas y notas al pie de las p&#xE1;ginas.</subfield>
  </datafield>
  <datafield tag="505" ind1="0" ind2=" ">
    <subfield code="a">1a. pt. Ponencias seminario "violencia dom&#xE9;stica, salud y legislaci&#xF3;n --</subfield>
    <subfield code="t">Apuntes para un debate interdisciplinario /</subfield>
    <subfield code="r">Dinnis Luciano</subfield>
    <subfield code="t">La violencia en los servicios de salud: la epidemia invisible</subfield>
    <subfield code="r">Maritza Romero /</subfield>
    <subfield code="t">Autoestima y violencia --</subfield>
    <subfield code="r">Margot Tapia /</subfield>
    <subfield code="t">Marco conceptual de la ley de la violencia dom&#xE9;stica en Puerto Rico --</subfield>
    <subfield code="r">Esther Vicente /</subfield>
    <subfield code="t">La violencia conyugal frente a la administraci&#xF3;n de la justicia --</subfield>
    <subfield code="r">Giselle Molina --</subfield>
    <subfield code="t">2a. pt. Aspectos te&#xF3;ricos-metodol&#xF3;gicos sobre violencia.</subfield>
    <subfield code="t">Sentir pensar y enfrentar la violencia /</subfield>
    <subfield code="r">Saul Franco --</subfield>
    <subfield code="t">Violencia oculta: La depresi&#xF3;n en la mujer /</subfield>
    <subfield code="r">May Brenes --</subfield>
  </datafield>
  <datafield tag="700" ind1="1" ind2="2">
    <subfield code="a">Quiterio Ben&#xED;tez, Gisela,</subfield>
    <subfield code="e">comp.</subfield>
    <subfield code="9">53428</subfield>
  </datafield>
  <datafield tag="952" ind1=" " ind2=" ">
    <subfield code="0">0</subfield>
    <subfield code="1">0</subfield>
    <subfield code="7">1</subfield>
    <subfield code="8">PD</subfield>
    <subfield code="a">PD</subfield>
    <subfield code="b">PD</subfield>
    <subfield code="c">CT</subfield>
    <subfield code="d">2015-03-25</subfield>
    <subfield code="i">LF1</subfield>
    <subfield code="l">0</subfield>
    <subfield code="o">xxxx xxxx</subfield>
    <subfield code="p">45442-10</subfield>
    <subfield code="r">2020-06-25</subfield>
    <subfield code="w">2020-06-25</subfield>
    <subfield code="y">LFPD</subfield>
    <subfield code="Z">No se presta</subfield>
  </datafield>
  <datafield tag="999" ind1=" " ind2=" ">
    <subfield code="c">44931</subfield>
    <subfield code="d">44931</subfield>
  </datafield>
</record>
